Music Quiz

Random Music or Artist Quiz

Song Title Fill-in-the-Prank... I Mean Blank Quiz Stats

 Plays Quiz Updated Jul 31, 2015

Challenge
Share
Tweet
Embed
Score 0/34 Timer 05:00
1 Play Today
Song Title Missing Word % Correct
___ Are The Sunshine Of My LifeYou
95%
Shut Up ___ DanceAnd
94.7%
___ It BeLet
94.1%
___ Me A RiverCry
93.3%
Now Or _____Never
92.3%
I Hate Myself For Loving ___You
91.8%
Don't ___ (Forget About Me)You
91.2%
Don't ___ Want MeYou
90.3%
We're Not _____ Take ItGonna
89.9%
Are You _____ Be My GirlGonna
86.4%
Me ___ My Broken HeartAnd
85.6%
A Change Is _____ ComeGonna
84.1%
Rhythm Is ____ Get YouGonna
84%
Mama Said Knock ___ OutYou
83.2%
Band On The ___Run
83%
Slow ____Down
82.9%
_____ Too LateNever
81.6%
Song Title Missing Word % Correct
Straight __Up
81%
It's _____ Be MeGonna
80.9%
_____ Let You GoNever
80.6%
Not _____ Get UsGonna
79%
Do You Really Want To ____ MeHurt
78%
I Can't ____ You Love MeMake
77.9%
_______ Yellow Brick RoadGoodbye
77.3%
_ Thousand MilesA
77.2%
Jump ______Around
75.3%
_____ AgainNever
74.6%
I _____ Told YouNever
74.3%
___ SomethingSay
73.8%
All I Have To ____Give
72.9%
_____ ThereNever
71.8%
______ RoseDesert
63.6%
Don't ____ 'EmTell
59%
Baby Don't ___Lie
54.4%

You're not logged in!

Compare scores with friends on all Sporcle quizzes.
OR
Log In

You Might Also Like...

Show Comments

Extras

Top Quizzes Today


Score Distribution

Your Account Isn't Verified!

In order to create a playlist on Sporcle, you need to verify the email address you used during registration. Go to your Sporcle Settings to finish the process.

Report this User

Report this user for behavior that violates our Community Guidelines.

Details: